| 000 | 00713nam a2200145 a 4500 | ||
|---|---|---|---|
| 001 | 000036021 | ||
| 005 | 20200930074815.0 | ||
| 008 | 110523s1956 dr 000 | fre d | ||
| 040 |
_aDO-SdBNP _bfre _cBNPHU |
||
| 082 |
_axxx _bD611 |
||
| 100 | 1 |
_aÁlvarez Sánchez, Virgio _962063 |
|
| 245 | 1 | 0 |
_aDiscours prononce le 24 de octobre 1956 a ciudad Trujillo par Me. Virgio Álvarez Sanchez, Secretaire d´etat des finances et president du conseil monetaire de la Republique Dominicaine, a l´inauguration solennelle de l´edifice de la Banque Centrale d´emission de la Republique / _cVirgio Álvarez Sánchez. |
| 260 |
_aCiudad Trujillo, República Dominicana : _bEditora del Caribe, _c1956. |
||
| 300 |
_a12 p ; _c24 cm. |
||
| 999 |
_c35512 _d35512 |
||